Víno milencov.

Uložené v:
Podrobná bibliografia
Hlavný autor: Kupec, I.
Médium: Kniha
Jazyk:Slovak
Vydané: 1964.
Tagy: Pridať tag
Žiadne tagy, Buďte prvý kto otaguje tento záznam!

MARC

LEADER 00000nam a22000004a 4500
001 000534603
005 20170315190919.0
008 170315s1964 xo e 000 0 slo d
040 |a SVKKK  |b slo  |c SVKKK  |e AACR2 
100 1 |a Kupec, I. 
245 1 0 |a Víno milencov. 
260 |c 1964. 
500 |a Záznam revízie 
910 |a svkkk 
998 |a BK 
090 |g SCKHL  |k Sklad Hlavná 10 prízemie  |a I.27524  |j 341519  |i 534603-10  |s Vyradená